00214nam a2200097Ia 4500100002700000654001300027245003700040260001900077300000800096546001200104 aEnergy Research Group  areliance aReliance review of energy market bReliancec2002 a390 aENGLISH